Fundamentals of operations management / (Record no. 12055)

000 -LEADER
fixed length control field 00532cam a2200181 a 4500
020 ## - INTERNATIONAL STANDARD BOOK NUMBER
ISBN 0256225575
040 ## - CATALOGING SOURCE
Transcribing agency DLC
082 00 - DEWEY DECIMAL CLASSIFICATION NUMBER
Classification number 658 IRW 1999 A040 Or.
100 1# - MAIN ENTRY--AUTHOR NAME
Personal name Davis, Mark M.,
245 10 - TITLE STATEMENT
Title Fundamentals of operations management /
250 ## - EDITION STATEMENT
Edition statement 3rd ed.
260 ## - PUBLICATION, DISTRIBUTION, ETC. (IMPRINT)
Place of publication Boston :
Name of publisher Irwin McGraw-Hill,
Year of publication c1999.
300 ## - PHYSICAL DESCRIPTION
Number of Pages xx, 600 p. :
Other physical details ill. (some col.) ;
Dimensions 26cm + l computer laser optical disc 4 3/4 in.
650 #0 - SUBJECT ADDED ENTRY--TOPICAL TERM
Topical Term Production management.
700 1# - ADDED ENTRY--PERSONAL NAME
Personal name Aquilano, Nicholas J.
700 1# - ADDED ENTRY--PERSONAL NAME
Personal name Chase, Richard B.
942 ## - ADDED ENTRY ELEMENTS (KOHA)
Koha item type សៀវភៅភាសាអង់គ្លេស
952 ## - LOCATION AND ITEM INFORMATION (KOHA)
Withdrawn status [LOCAL, KOHA] 0
Holdings
Permanent Location Date acquired Koha item type Lost status Shelving location Barcode Current Location Full call number
Library Block A2017-08-09សៀវភៅភាសាអង់គ្លេស A040A16980Library Block A658 IRW 1999 A040 Or.
មជ្ឈមណ្ឌលឯការនៃសាកលវិទ្យាល័យភូមិន្ទកសិកម្មចំការដូង

Powered by Koha